Bussiness environment / (Record no. 40591)

MARC details
000 -LEADER
fixed length control field 00898nam a22002417a 4500
005 - DATE AND TIME OF LATEST TRANSACTION
control field 20100810120745.0
010 ## - LCCN (DPL NO)
LC control number ENG-99232
020 ## - INTERNATIONAL STANDARD BOOK NUMBER
International Standard Book Number 9789380236087
Terms of availability 90.00
020 ## - INTERNATIONAL STANDARD BOOK NUMBER
International Standard Book Number 978938023670
Terms of availability 90.00
035 ## - SYSTEM CONTROL NUMBER
System control number EN-82764
082 ## - DEWEY DECIMAL CLASSIFICATION NUMBER
Classification number 658.408
100 ## - MAIN ENTRY--PERSONAL NAME
Personal name Banu, A. Sameen
245 ## - TITLE STATEMENT
Title Bussiness environment /
Statement of responsibility, etc by A. Sameen Banu
260 ## - PUBLICATION, DISTRIBUTION, ETC. (IMPRINT)
Place of publication, distribution, etc Thanjavur
Name of publisher, distributor, etc Printmagic
Date of publication, distribution, etc 2009
270 ## - ADDRESS
Address 2, First Floor, Guru Complex, Rajappa Nagar, Medical College Road
City Thanjavur
Postal code 613007
300 ## - PHYSICAL DESCRIPTION
Extent 169p.
Dimensions 20cm (pbk)
650 ## - SUBJECT ADDED ENTRY--TOPICAL TERM
Topical term or geographic name as entry element Bussiness ethics
650 ## - SUBJECT ADDED ENTRY--TOPICAL TERM
Topical term or geographic name as entry element Commercial law
650 ## - SUBJECT ADDED ENTRY--TOPICAL TERM
Topical term or geographic name as entry element industrial policy
650 ## - SUBJECT ADDED ENTRY--TOPICAL TERM
Topical term or geographic name as entry element Social responsibility of bussiness
942 ## - ADDED ENTRY ELEMENTS (KOHA)
Source of classification or shelving scheme Dewey Decimal Classification
Item type English Books
Classification part 658.408
Call number suffix BAN
Holdings
Withdrawn status Lost status Not for loan Collection code Home library Current library Date acquired Source of acquisition Cost, normal purchase price Full call number Barcode Copy number Cost, replacement price Koha item type
    Not For Loan Non-fiction D.B.Act.Division D.B.Act.Division 10/08/2010 DBAD/PUB 90.00 658.408 BAN EN-82764 1 90.00 English Books

© Delhi Public Library
Hit Counter
free hit counter